| 000 | 00000nam 2200000zi 4500 |
| 001 | 9.884049 |
| 003 | CaOODSP |
| 005 | 20250611103849 |
| 006 | m o d f |
| 007 | cr ||||||||||| |
| 008 | 200128t20082008onca o f000 0 fre d |
| 020 | |z9780662078296 |
| 040 | |aCaOODSP|bfre|erda|cCaOODSP |
| 043 | |an-cn--- |
| 086 | 1 |aA52-83/2008F-PDF|zA52-83/2008F |
| 245 | 04|aUne agriculture efficace pour un air plus sain : |bun analyse scientifique des liens entre les pratique agricoles et le gaz à effet de serre au Canada. |
| 246 | 30|aAnalyse scientifique des liens entre les pratique agricoles et le gaz à effet de serre au Canada |
| 264 | 1|a[Ottawa] : |bAgriculture et agroalimentaire Canada = Agriculture and Agri-Food Canada, |c[2008] |
| 264 | 4|c©2008 |
| 300 | |a1 ressource en ligne (166 pages) : |billustrations en couleur |
| 336 | |atexte|btxt|2rdacontent/fre |
| 337 | |ainformatique|bc|2rdamedia/fre |
| 338 | |aressource en ligne|bcr|2rdacarrier/fre |
| 500 | |aPublié aussi en anglais sous le titre : Better farming, better air : a scientific analysis of farming practice and greenhouse gases in Canada. |
| 650 | 6|aGaz à effet de serre|zCanada. |
| 650 | 6|aAgriculture|xAspect de l'environnement|zCanada. |
| 650 | 6|aExploitations agricoles|zCanada. |
| 710 | 1 |aCanada. |bAgriculture et agroalimentaire Canada. |
| 775 | 08|tBetter farming, better air : |w(CaOODSP)9.690528 |
| 856 | 40|qPDF|s10.53 Mo|uhttps://publications.gc.ca/collections/collection_2015/aac-aafc/A52-83-2008-fra.pdf |